Communes les plus peuplées des départements des Pays de la Loire - Statistiques

Statistiques générales
  • Ce quiz a été pris 193 fois
  • Le résultat moyen est 15 sur 25
Statistiques - réponses
% Correct
Loire-Atlantique #1 Nantes 320 732
99%
Maine-et-Loire #1 Angers 155 876
96%
Sarthe #1 Le Mans 145 155
95%
Vendée #1 La Roche-sur-Yon 55 213
92%
Mayenne #1 Laval 49 617
90%
Loire-Atlantique #2 Saint-Nazaire 71 887
90%
Maine-et-Loire #2 Cholet 54 357
83%
Vendée #2 Les Sables-d'Olonne 46 941
82%
Mayenne #3 Mayenne 12 805
73%
Maine-et-Loire #3 Saumur 26 154
71%
Loire-Atlantique #3 Saint-Herblain 49 097
70%
Sarthe #2 La Flèche 15 078
66%
Loire-Atlantique #4 Rezé 42 993
64%
Sarthe #3 Sablé-sur-Sarthe 12 123
57%
Mayenne #2 Château-Gontier-sur-Mayenne 16 845
47%
Loire-Atlantique #5 Saint-Sébastien-sur-Loire 27 958
45%
Vendée #5 Les Herbiers 16 266
41%
Vendée #3 Challans 21 900
40%
Vendée #4 Montaigu-Vendée 20 578
35%
Maine-et-Loire #5 Beaupréau-en-Mauges 23 465
27%
Sarthe #4 Allonnes 11 108
25%
Mayenne #4 Évron 8 667
20%
Sarthe #5 La Ferté-Bernard 8 863
19%
Maine-et-Loire #4 Sèvremoine 25 519
19%
Mayenne #5 Saint-Berthevin 7 381
13%
Aucun quiz correspondant
Distribution des résultats
% des personnes avec chaque résultat
Percentile par nombre de réponses
Votre historique - résultats
Vous n’avez pas pris ce quiz